000 00494nam a2200181Ia 4500
005 20241220065544.0
008 240331s9999 xx 000 0 und d
020 _a95592612203
082 _bGOO
_a823
100 _aGooneratne, Y
245 0 _aCelebrating Sri Lanka women's english Writing :
_b1948-2000- Volume II
260 _aColombo
_bWomen's Education & Research Centre
_c2002
300 _aviii, 450 p .,
650 _aPoetry
650 _aEnglish
650 _aLiterature
942 _cL
999 _c3318
_d3318